Minyonia del bon rei Jaume El Conqueridor, la dona i la llegenda / (Record no. 135281)

MARC details
000 -LEADER
campo de control de longitud fija 00595nam a2200193 i 4500
001 - NÚMERO DE CONTROL
campo de control 135281
003 - IDENTIFICADOR DE NÚMERO DE CONTROL
campo de control ES-MaACL
005 - FECHA Y HORA DE LA ÚLTIMA TRANSACCIÓN
campo de control 20230906194840.0
007 - CAMPO FIJO DE DESCRIPCIÓN FÍSICA--INFORMACIÓN GENERAL
campo de control de longitud fija t|
008 - DATOS DE LONGITUD FIJA--INFORMACIÓN GENERAL
campo de control de longitud fija 070713s1973 sp ||||1| cat d
080 ## - NÚMERO DE LA CLASIFICACIÓN DECIMAL UNIVERSAL
Número de la Clasificación Decimal Universal 92 Jaime (465.2) I
100 1# - ENTRADA PRINCIPAL--NOMBRE DE PERSONA
Nombre de persona Tona i Nadalmai, Abelardo.
9 (RLIN) 110565
245 10 - MENCIÓN DEL TÍTULO
Título Minyonia del bon rei Jaume El Conqueridor, la dona i la llegenda /
Mención de responsabilidad, etc. Abelardo Tona i Nadalmai.
250 ## - MENCION DE EDICION
Mención de edición [1ª ed.].
260 ## - PUBLICACIÓN, DISTRIBUCIÓN, ETC.
Lugar de publicación, distribución, etc. [Barcelona :
Nombre del editor, distribuidor, etc. Páortic,
Fecha de publicación, distribución, etc. 1973]
300 ## - DESCRIPCIÓN FÍSICA
Extensión 252 p. ;
Dimensiones 18 cm.
600 04 - PUNTO DE ACCESO ADICIONAL DE MATERIA--NOMBRE DE PERSONA
Nombre de persona Jaime
Numeración I
Títulos y otros términos asociados al nombre Rey de Aragón.
9 (RLIN) 65934
852 ## - LOCALIZACIÓN
Ubicación ES-MaACL
Número de control de estantería C-55731
Sublocalización o colección R.88194
Holdings
Estatus retirado Estado de pérdida Estado de daño No para préstamo Biblioteca de origen Biblioteca actual Ubicación en estantería Fecha de adquisición Fuente de adquisición Total de préstamos Signatura topográfica completa Código de barras Visto por última vez Precio de reemplazo Tipo de ítem Koha
        Biblioteca del Ateneo de Madrid Biblioteca del Ateneo de Madrid Depósito 2 17/01/2008     C-55731 1140803 23/02/2023 23/02/2023 Libro impreso